000 00649nam a2200289Ia 4500
005 20260324145617.0
008 008 260324s9999 xx 000 0 eng d
020 _a9781315685120
037 _aEBOOK
040 _aCRL
040 _beng
040 _cCRL
041 _2eng
041 _aeng
084 _qCRL
100 _aDavid C. Gordon
_91222308
245 0 _aLebanon
245 4 _bThe Fragmented Nation
260 _bTaylor and Francis
260 _c1980
365 _a
365 _b230
856 _uhttp://www.taylorfrancis.com/books/9781315685120
942 _cEBOOK
999 _c1831719
_d1831719